| 000 | 02079cam a22004574i 4500 | ||
|---|---|---|---|
| 003 | PE-LiUPU | ||
| 005 | 20250731172913.0 | ||
| 008 | 150617s1964 sp rb 000 0 spa d | ||
| 035 | _a(Sirsi) a16981 | ||
| 040 |
_aPE-LiUPU _bspa _cPE-LiUPU _erda |
||
| 049 | _aPRUA | ||
| 082 | 0 | 4 |
_a290 _bB66 _221 |
| 100 | 1 |
_aPinard de la Boullaye, H., _eautor. |
|
| 245 | 1 | 0 |
_aEstudio comparado de las religiones : ensayo crítico : _bSu historia en el mundo occidental. _n1 / _cedición refundida y puesta al día por H. Pinard de la Boullaye, S.J. ; versión de la refundición por Carlos G. Goldaraz, S.J. hecha sobre la primera traducción de lorentino G. de Andoain y Teodoro Martinez. |
| 264 | 1 |
_aBarcelona : _bJuan Flors, _c1964. |
|
| 300 |
_a565 páginas ; _c25 centímetros |
||
| 336 |
_atext _2rdacontent |
||
| 337 |
_aunmediated _2rdamedia |
||
| 338 |
_avolume _2rdacarrier |
||
| 504 | _aIncluye bibliografía. | ||
| 505 | 0 | _aLa antigüedad hasta la era cristiana -- Desde la aparición del cristianismo hasta la edad media -- La edad media -- El renacimiento y la reforma -- Advenimiento del racionalismo -- Advenimiento del agnosticismo -- Del positivismo al pragmatismo -- Las escuelas del siglo XIX hasta nuestros días -- Las escuelas modernas -- Las corrientes del siglo y el curso de los siglos. | |
| 526 | _aSEG42 | ||
| 526 | _aSEG41 | ||
| 526 | _aSEG40 | ||
| 526 | _aSEG39 | ||
| 526 | _aP94 | ||
| 526 | _aP87 | ||
| 526 | _aP86 | ||
| 526 | _aP85 | ||
| 526 | _aP77 | ||
| 526 | _aP76 | ||
| 526 | _aP35 | ||
| 650 | 0 | 4 |
_aReligiones _xHistoria. |
| 910 |
_ajck _bjvq _cjck _d20150616 |
||
| 942 |
_2ddc _cBOOK |
||
| 949 |
_a290 B66 1 _wDEWEY _c1 _i07540 _lCCODEBUL1 _mBUL _p00.00 _r0 _sY _tBOOK _u2015-04-21 _xTEOLOGIA _PP35 _0COMPRA _o.STAFF. Colección General |
||
| 994 |
_aC0 _bPEPRU |
||
| 596 | _a1 | ||
| 999 |
_a290 B66 1 _wDEWEY _c16509 _i07540 _d16509 _e2017-4-20 _f2019-12-11 _g4 _lCCODEBUL1 _mBUL _n1 _p10.00 _q1 _r1 _sY _tBOOK _u2015-4-21 _xUNKNOWN _PP35 _0COMPRA _o.STAFF. Colección Teología |
||
| 980 |
_81 _gALBERTO SANCHEZ Responsable de Automatización |
||